The write type : (Record no. 593046)
[ view plain ]
| 000 -LEADER | |
|---|---|
| fixed length control field | 01592cam a22003257a 4500 |
| 001 - CONTROL NUMBER | |
| control field | 17000562 |
| 003 - CONTROL NUMBER IDENTIFIER | |
| control field | NUST |
| 005 - DATE AND TIME OF LATEST TRANSACTION | |
| control field | 20230130115146.0 |
| 008 - FIXED-LENGTH DATA ELEMENTS--GENERAL INFORMATION | |
| fixed length control field | 111014s2008 mau b 001 0 eng |
| 010 ## - LIBRARY OF CONGRESS CONTROL NUMBER | |
| LC control number | 2011284651 |
| 015 ## - NATIONAL BIBLIOGRAPHY NUMBER | |
| National bibliography number | GBA797739 |
| Source | bnb |
| 016 7# - NATIONAL BIBLIOGRAPHIC AGENCY CONTROL NUMBER | |
| Record control number | 014458843 |
| Source | Uk |
| 020 ## - INTERNATIONAL STANDARD BOOK NUMBER | |
| International Standard Book Number | 9781598694703 (pbk.) |
| 020 ## - INTERNATIONAL STANDARD BOOK NUMBER | |
| International Standard Book Number | 1598694707 (pbk.) |
| 035 ## - SYSTEM CONTROL NUMBER | |
| System control number | (OCoLC)ocn182663975 |
| 040 ## - CATALOGING SOURCE | |
| Original cataloging agency | UKM |
| Transcribing agency | UKM |
| Modifying agency | BAKER |
| -- | QBX |
| -- | VP@ |
| -- | CLE |
| -- | AU@ |
| -- | DLC |
| 042 ## - AUTHENTICATION CODE | |
| Authentication code | ukblcatcopy |
| -- | lccopycat |
| 050 00 - LIBRARY OF CONGRESS CALL NUMBER | |
| Classification number | PN145 |
| Item number | .P455 2008 |
| 082 04 - DEWEY DECIMAL CLASSIFICATION NUMBER | |
| Classification number | 808.02019,PET |
| Edition number | 22 |
| 100 1# - MAIN ENTRY--PERSONAL NAME | |
| Personal name | Peterson, Karen E. |
| 9 (RLIN) | 108023 |
| 245 14 - TITLE STATEMENT | |
| Title | The write type : |
| Remainder of title | discover your true writer's identity and create a customized writing plan / |
| Statement of responsibility, etc. | Karen E. Peterson. |
| 260 ## - PUBLICATION, DISTRIBUTION, ETC. | |
| Place of publication, distribution, etc. | Avon, Mass. : |
| Name of publisher, distributor, etc. | Adams Media, |
| Date of publication, distribution, etc. | c2008. |
| 300 ## - PHYSICAL DESCRIPTION | |
| Extent | viii, 247 p. ; |
| Dimensions | 19 cm. |
| 505 ## - FORMATTED CONTENTS NOTE | |
| Formatted contents note | What kind of writer are you? (Page-)1, Committed or conflicted? (Page-11), Hyped or mellow? (Page-39), Organized or chaotic ? (Page-63), Daily or deadline? (Page-85), Lunch hour or log cabin? (Page-105), A.M OR P.M (Page-123), Alone or at Starbucks (Page-143), Sequential or consequential? (Page-159), Single project or many? (Page-179), Private writer or published Author? (Page-179), The writer's dilemma: (Page-219), Author's note (Page-227), Your writer type (Page-229), Prevailing over the perils of publication (Page-231). |
| 650 #0 - SUBJECT ADDED ENTRY--TOPICAL TERM | |
| Topical term or geographic name entry element | Authorship |
| General subdivision | Psychological aspects. |
| 9 (RLIN) | 108024 |
| 650 #0 - SUBJECT ADDED ENTRY--TOPICAL TERM | |
| Topical term or geographic name entry element | Authorship. |
| 9 (RLIN) | 11474 |
| 906 ## - LOCAL DATA ELEMENT F, LDF (RLIN) | |
| a | 7 |
| b | cbc |
| c | copycat |
| d | 2 |
| e | ncip |
| f | 20 |
| g | y-gencatlg |
| 942 ## - ADDED ENTRY ELEMENTS (KOHA) | |
| Source of classification or shelving scheme | |
| Koha item type | Book |
| Call number prefix | 808.02019,PET |
| Withdrawn status | Lost status | Source of classification or shelving scheme | Damaged status | Not for loan | Permanent Location | Current Location | Shelving location | Date acquired | Total Checkouts | Full call number | Barcode | Date last seen | Price effective from | Koha item type | Public note |
|---|---|---|---|---|---|---|---|---|---|---|---|---|---|---|---|
| Military College of Signals (MCS) | Military College of Signals (MCS) | General Stacks | 01/30/2023 | 808.02019,PET | MCS37735 | 01/30/2023 | 01/30/2023 | Book | Almirah No.56, Shelf No. 1 |
